000 00562nam a22002177a 4500
003 UA-OsUOA
001 60437
007 ta
008 20090520b un ||||| |||| 00| 0 ukr d
090 _a82-97
_bН30
942 _cBK
040 _aUA-OsUOA
_bukr
_cUA-OsUOA
_dUA-OsUOA
245 _aНарод у народних святах
300 _a512 с.
955 _a2
041 _aukr
080 _a82-97
260 _aЧернівці
_bФакел
_c1997
650 7 _a82 Література. Літературознавство
_2UDC
999 _c346295
_d346295